000 01105nam a22002417a 4500
003 OSt
005 20241212092240.0
008 230916b ||||| |||| 00| 0 eng d
040 _cSSBUL
082 _223
_a၂၉၄.၃၀၉၂
_bဝါ
100 0 _aဝါယမိန္ဒ၊ အရှင် ၊
_cမုံရွာမြို့ မိဂဒါဝုန်ဆရာတော်၊
_930692
245 1 0 _aဗောဓိတစ်ထောင်ဆရာတော်ဘဒ္ဒန္တ နာရဒ၏ နှစ်၆၀-ဘဝခရီး /
_bမိဂဒါဝုန်ဆရာတော် အရှင်ဝါယမိန္ဒ
260 _aရန်ကုန် ၊
_bစာပေပေါင်းကူးစာအုပ်တိုက်၊
_c၁၉၉၂။
300 _aဂုဂူ၊၂၈၂ စာမျက်နှာ ၊
_bဓာတ်ပုံ ၊
_c၂၂ စင်တီ။
500 _aS-SAT: Prof. Dr. Sai Aung Tun
650 _aဗုဒ္ဓဘာသာ
942 _cBK
_2ddc
942 _2ddc
942 _2ddc
942 _2ddc
942 _2ddc
942 _2ddc
999 _c29030
_d29030